00909nam a22002537a 45000010005000000030006000050050017000110080041000280200018000690400029000870500013001160820012001291000027001412450109001682500056002772600037003333000043003705050008004135200135004215210021005565210020005776500031005976500027006285343FISKH20241127112650.0241127b cb ||||| |||| 00| 0 eng d a9780590682138 aFISKHbengcFISKHdFISKH aGV875.A1 a796.357 aMcKissack, Patricia C. aBlack Diamond :bThe Story of the Negro Baseball Leagues /cby Patricia McKissack and Fredrick McKissack aFirst Scholastic paperback printing, September 1998 aNew York : bScholastic ;c1994. a184 pages :billustrations ;c20 cm .  aZ  aTraces the history of baseball in the Negro Leagues and its great heroes, including Monte Irwin, Buck Leonard, and Cool Papa Bell.8 a1110 bLexile 8 aZ bRaz-Plus  ablack historyvNon-fiction aNegro LeaguesvFiction